The Airoplane; Survey of origin & development (Record no. 272393)
[ view plain ]
| 000 -LEADER | |
|---|---|
| fixed length control field | 00243 a2200097 4500 |
| 001 - CONTROL NUMBER | |
| control field | 37320 |
| 090 ## - LOCALLY ASSIGNED LC-TYPE CALL NUMBER (OCLC); LOCAL CALL NUMBER (RLIN) | |
| -- | 23791 |
| -- | 23791 |
| 100 ## - MAIN ENTRY--PERSONAL NAME | |
| Personal name | Gibbs-Smioth C H |
| 245 ## - TITLE STATEMENT | |
| Title | The Airoplane; Survey of origin & development |
| 260 ## - PUBLICATION, DISTRIBUTION, ETC. | |
| Place of publication, distribution, etc. | London |
| Name of publisher, distributor, etc. | H M S Office |
| Date of publication, distribution, etc. | |
| 942 ## - ADDED ENTRY ELEMENTS (KOHA) | |
| Institution code [OBSOLETE] | NUST-CAE |
| Koha item type | |
| -- | |
| Withdrawn status | Lost status | Damaged status | Not for loan | Collection code | Permanent Location | Current Location | Date acquired | Total Checkouts | Barcode | Date last seen | Price effective from | Koha item type |
|---|---|---|---|---|---|---|---|---|---|---|---|---|
| College of Aeronautical Engineering (CAE) | College of Aeronautical Engineering (CAE) | 04/03/2017 | CAE61610 | 04/05/2017 | 04/05/2017 | Book |
